| 000 | 00939nam a22002297a 4500 | ||
|---|---|---|---|
| 001 | 114525 | ||
| 003 | DR-UNIBE | ||
| 005 | 20260325123221.0 | ||
| 008 | 260325b2003 dr ||||| |||| 00| 0 spa d | ||
| 040 |
_aBIBLIOTECA UNIBE _cBIBLIOTECA UNIBE _erda |
||
| 041 | _aspa | ||
| 082 | _aRD 355.0097293 S718f 2003 | ||
| 100 |
_aSoto Jiménez, José Miguel _eautor _9203722 |
||
| 245 |
_aLas fuerzas militares en la República Dominicana desde la Primera República hasta los comienzos de la Cuarta República : _bensayo sobre su evolución institucional / _cJosé Miguel Soto Jiménez |
||
| 250 | _aTercera edición | ||
| 260 |
_aSanto Domingo : _bEdiciones Grupo 5, _c2003 |
||
| 300 | _a281 páginas | ||
| 650 | 7 |
_2lemb _aHistoria militar _zRepública Dominicana _9203725 |
|
| 651 | 7 |
_2lemb _aRepública Dominicana _xHistoria _xEjército _9203724 |
|
| 651 | 7 |
_2lemb _aRepública Dominicana _xFuerzas armadas _xHistoria _9192636 |
|
| 942 |
_2ddc _cBK |
||
| 999 |
_c114525 _d114525 |
||